000 00265nam a2200133Ia 4500
100 _aThiruthuvadoss/M.A
490 _v2
942 _cBK
654 _aMaths
245 _aMagic Maths II
260 _bThiruthivadoss
082 _a510/DAS
_bDAS
546 _aENGLISH
999 _c27103
_d27103